Canadian Islands Map Shape - Statistics

General Stats
  • This quiz has been taken 176 times
    174 since last reset
  • The average score is 8 of 16
Answers on the Map
Answers color-coded by a green-red scale on the quiz's map according to % correct below.
 
Answer Stats
Answer % Correct
Newfoundland
90%
Baffin Island
87%
Vancouver Island
81%
Ellesmere Island
73%
Prince Edward Island
73%
Anticosti Island
54%
Island of Montreal
47%
Victoria Island
46%
Cape Breton Island
45%
Banks Island
40%
Devon Island
40%
Axel Heiberg Island
37%
Melville Island
29%
Prince of Wales Island
29%
Southampton Island
28%
Somerset Island
24%
No matching quizzes found
Score Distribution
Percent of People with Each Score
Percentile by Number Answered
Your Score History
You have not taken this quiz since the last reset